| 000 | 00450cam a2200181ua 4500 | ||
|---|---|---|---|
| 020 | _c395.00 | ||
| 041 |
_aeng _h |
||
| 082 |
_a664 _bFRE/TE |
||
| 100 | _aFredrick, Annie . | ||
| 245 |
_aText book of food and nutrition / _cAnnie Fredrick. _hTextual Documents |
||
| 260 |
_aNew Delhi : _bLotus Press , _c2006. |
||
| 300 |
_a264 ; _e`. |
||
| 365 | _a395.00 | ||
| 504 | _a | ||
| 942 | _cBK | ||
| 999 |
_c13086 _d13086 |
||